| 000 | 00361 a2200157 4500 | ||
|---|---|---|---|
| 001 | 59975 | ||
| 022 | _a97896935015146 | ||
| 082 | _a891.4393 QUD | ||
| 090 |
_c36812 _d36812 |
||
| 100 | _aBano Qudsia | ||
| 245 |
_aRaja Gidh [urdu] _hUrdu |
||
| 260 |
_aLahore _bSang-e-Meel _c2009 |
||
| 300 | _a550 p | ||
| 500 | _aUrdu Literature | ||
| 505 | _aAHQ Books | ||
| 942 |
_aNUST-CAE _k891.4393 QUD |
||
| 999 |
_c295048 _d295048 |
||